Bệnh ở động vật nuôi bệnh vi khuẩn
Gardado en:
| Autor Principal: | |
|---|---|
| Formato: | Libro |
| Idioma: | Undetermined |
| Publicado: |
Hà Nội
KHKT
1987
|
| Những chủ đề: | |
| Các nhãn: |
Engadir etiqueta
Sen Etiquetas, Sexa o primeiro en etiquetar este rexistro!
|
| Thư viện lưu trữ: | Trung tâm Học liệu Trường Đại học Cần Thơ |
|---|
| LEADER | 00552nam a2200181Ia 4500 | ||
|---|---|---|---|
| 001 | CTU_13981 | ||
| 008 | 210402s9999 xx 000 0 und d | ||
| 082 | |a 636.0896925 | ||
| 082 | |b B116/T2 | ||
| 100 | |a Đoàn Thị Băng Tâm | ||
| 245 | 0 | |a Bệnh ở động vật nuôi | |
| 245 | 0 | |b bệnh vi khuẩn | |
| 245 | 0 | |c Đoàn Thị Băng Tâm | |
| 260 | |a Hà Nội | ||
| 260 | |b KHKT | ||
| 260 | |c 1987 | ||
| 650 | |a domestic animals - diseases,veterinary pathology | ||
| 980 | |a Trung tâm Học liệu Trường Đại học Cần Thơ | ||